[Event "Santa Fe Litoral op 2nd"]
[Site "Santa Fe"]
[Date "2022.11.11"]
[Round "3"]
[White "Monje, Francisco Emanuel"]
[Black "De Lima, Adriano Gaspar"]
[Result "0-1"]
[WhiteElo "1200"]
[BlackElo "1781"]
[PlyCount "80"]
[EventDate "2022.11.10"]
[EventType "swiss"]
[EventRounds "7"]
[EventCountry "ARG"]
[SourceTitle "CBM 211 Extra"]
[Source "ChessBase"]
[SourceDate "2023.01.31"]
[SourceVersion "1"]
[SourceVersionDate "2023.01.31"]
[SourceQuality "1"]

1. e4 Nc6 2. d4 d5 3. e5 Bf5 4. h4 h6 5. g4 Be4 6. f3 Bg6 7. h5 Bh7 8. e6 fxe6 9. Bd3 Qd6 10. Bxh7 Rxh7 11. Qd3 Rh8 12. Qg6+ Kd7 13. c3 e5 14. Ne2 Qxg6 15. hxg6 exd4 16. cxd4 e5 17. Nbc3 Nge7 18. dxe5 Nxe5 19. Rh5 N7xg6 20. Kf2 Bc5+ 21. Be3 Bxe3+ 22. Kxe3 c6 23. b3 Rae8 24. Kf2 Rhf8 25. Nd4 Nxg4+ 26. Kg3 N4e5 27. Nf5 Nf4 28. Rh4 Neg6 29. Nxg7 Re7 30. Nf5 Rxf5 31. Rxh6 Rg5+ 32. Kf2 Rg2+ 33. Kf1 Re3 34. Rh7+ Kd6 35. Ne4+ dxe4 36. Rd1+ Rd3 37. Rxd3+ exd3 38. Ke1 d2+ 39. Kd1 Nd3 40. Rh1 Nb2+ 0-1